[Event "PRO League Group Stage"]
[Site "chess.com INT"]
[Date "2018.02.07"]
[Round "5"]
[White "Anand, Viswanathan"]
[Black "Gledura, Benjamin"]
[Result "1-0"]
[WhiteTitle "GM"]
[BlackTitle "GM"]
[WhiteElo "2767"]
[BlackElo "2612"]
[WhiteTeam "Mumbai Movers"]
[BlackTeam "Oslo Trolls"]
[WhiteFideId "5000017"]
[BlackFideId "712779"]
[EventDate "2018.01.18"]

1. e4 c6 2. d4 d5 3. exd5 cxd5 4. Nf3 Nc6 5. Bb5 Bg4 6. h3 Bxf3 7. Qxf3 e6 8. c3
Bd6 9. O-O Ne7 10. Nd2 O-O 11. Qe2 Qc7 12. g3 a6 13. Ba4 b5 14. Bd1 b4 15. Nf3
bxc3 16. bxc3 Na5 17. Bd2 Nc4 18. Bb3 Rfc8 19. Rac1 a5 20. Bg5 Ng6 21. Bc2 Rab8
22. Bd3 h6 23. Bxg6 hxg5 24. Nxg5 1-0

[Event "PRO League Group Stage"]
[Site "chess.com INT"]
[Date "2018.02.14"]
[Round "6"]
[White "Andreikin, Dmitry"]
[Black "Anand, Viswanathan"]
[Result "1/2-1/2"]
[WhiteTitle "GM"]
[BlackTitle "GM"]
[WhiteElo "2712"]
[BlackElo "2767"]
[WhiteTeam "Volga Stormbringers"]
[BlackTeam "Mumbai Movers"]
[WhiteFideId "4158814"]
[BlackFideId "5000017"]
[EventDate "2018.01.18"]

1. d4 Nf6 2. c4 e6 3. Nf3 d5 4. Bg5 dxc4 5. Qa4+ Nbd7 6. e3 b5 7. Qxb5 Rb8 8.
Qxc4 Rxb2 9. Nbd2 Bb7 10. Be2 Bxf3 11. Nxf3 Bb4+ 12. Kf1 Qb8 13. Bxf6 Nxf6 14.
Qc6+ Ke7 15. Rc1 Rd8 16. g3 Kf8 17. Rc2 Rxc2 18. Qxc2 c5 19. dxc5 Rc8 20. Kg2
Bxc5 21. Rc1 Qb7 22. Qb3 Qxb3 23. axb3 Rc7 24. Ne5 Bb6 25. Nc4 Ke7 26. Bf3 Nd7
27. Rb1 Rc5 28. Be2 Ne5 1/2-1/2

[Event "PRO League Group Stage"]
[Site "chess.com INT"]
[Date "2018.02.14"]
[Round "6"]
[White "Chen, Forest"]
[Black "Saric, Ivan"]
[Result "0-1"]
[BlackTitle "GM"]
[WhiteElo "2107"]
[BlackElo "2664"]
[WhiteTeam "Saint Louis Arch Bishops"]
[BlackTeam "Montreal Chessbrahs"]
[WhiteFideId "30908205"]
[BlackFideId "14508150"]
[EventDate "2018.01.18"]

1. d4 Nf6 2. c4 g6 3. f3 Bg7 4. e4 O-O 5. Nc3 d6 6. Be3 a6 7. Nge2 Nbd7 8. Qd2
c5 9. d5 Ne5 10. Ng3 e6 11. a4 exd5 12. cxd5 Bd7 13. Be2 b5 14. O-O bxa4 15. h3
Bb5 16. Nxb5 axb5 17. Bxb5 Rb8 18. Be2 Nfd7 19. f4 Rxb2 20. Qd1 Qh4 21. Kh2 Rb3
22. Qd2 Nf6 23. fxe5 Qxg3+ 24. Kxg3 Nxe4+ 25. Kh2 Bxe5+ 26. Kg1 Nxd2 27. Bxd2
Bxa1 28. Rxa1 Rb2 29. Rd1 a3 30. Kf1 a2 31. Bc3 Rb1 32. Ke1 Ra8 33. Ba1 Rab8 0-1

[Event "PRO League Group Stage"]
[Site "chess.com INT"]
[Date "2018.02.14"]
[Round "6"]
[White "Chen, Forest"]
[Black "Thavandiran, Shiyam"]
[Result "1-0"]
[BlackTitle "IM"]
[WhiteElo "2107"]
[BlackElo "2399"]
[WhiteTeam "Saint Louis Arch Bishops"]
[BlackTeam "Montreal Chessbrahs"]
[WhiteFideId "30908205"]
[BlackFideId "2605058"]
[EventDate "2018.01.18"]

1. d4 Nf6 2. c4 c5 3. d5 e6 4. Nc3 exd5 5. cxd5 d6 6. Bf4 a6 7. a4 g6 8. Nf3 Bg7
9. h3 O-O 10. e3 Ne8 11. Be2 Nd7 12. O-O Ne5 13. Nd2 f5 14. Bh2 Bd7 15. Rb1 Qc7
16. Qc2 Rc8 17. Rfc1 g5 18. Nc4 f4 19. exf4 gxf4 20. Nxe5 Bxe5 21. Bd3 Nf6 22.
Ne4 Nxe4 23. Bxe4 b5 24. Bxh7+ Kh8 25. Bd3 bxa4 26. Qd1 Be8 27. Qg4 Rb8 28. Bf5
Qg7 29. Qh4+ Kg8 30. Be6+ Bf7 31. Rc4 Bxe6 32. dxe6 a3 33. Bxf4 Bxf4 34. Rxf4
Rxf4 35. Qxf4 a2 36. Re1 Qxb2 37. Qg4+ Qg7 38. Qc4 a1=Q 39. e7+ Kh7 40. Qh4+ Qh6
41. Qe4+ Qg6 42. Qh4+ Kg7 43. Rxa1 Re8 44. Re1 d5 45. Re3 Kf7 46. Rf3+ Ke6 47.
Rg3 Qb1+ 48. Kh2 Kd7 49. Qg4+ Kc7 50. Qf4+ Kc6 51. Qf7 Qb8 52. Qf6+ Qd6 53. Qa1
Kd7 54. f4 Rxe7 55. Qa4+ Qc6 56. Qc2 Qd6 57. Qf5+ Kc7 58. Rg6 Qd7 59. Qf6 Kc8
60. Qxa6+ Qb7 61. Qd6 Qc7 62. Qa6+ Kd7 63. Qb5+ Kc8 64. Rg8+ 1-0

[Event "PRO League Group Stage"]
[Site "chess.com INT"]
[Date "2018.02.14"]
[Round "6"]
[White "Ostrovskiy, Andrey"]
[Black "Hilby, Craig"]
[Result "1/2-1/2"]
[WhiteTitle "IM"]
[BlackTitle "IM"]
[WhiteElo "2448"]
[BlackElo "2390"]
[WhiteTeam "Las Vegas Desert Rats"]
[BlackTeam "San Diego Surfers"]
[WhiteFideId "14110326"]
[BlackFideId "2062674"]
[EventDate "2018.01.18"]

1. e4 e5 2. Nf3 Nc6 3. Bb5 a6 4. Ba4 d6 5. c3 f5 6. d4 fxe4 7. Nxe5 dxe5 8. Qh5+
Ke7 9. dxe5 g6 10. Qh4+ Ke8 11. Qxe4 Ne7 12. Bg5 Qd5 13. Nd2 Bf5 14. Qe3 h6 15.
Bf6 Rh7 16. O-O-O Qd3 17. Qxd3 Bxd3 18. Nf3 Be2 19. Rde1 Bxf3 20. gxf3 Nd5 21.
Bc2 Kf7 22. Bb3 Ke6 23. Rd1 Rd7 24. Rxd5 Rxd5 25. Rd1 Nxe5 26. Bxe5 Kxe5 27.
Rxd5+ Kf4 28. Rd7 Bd6 29. Rf7+ Kg5 30. h3 Rf8 31. Rxf8 Bxf8 32. Kd2 Kf4 33. Ke2
Bc5 34. Bd5 b6 35. a4 a5 36. Bf7 g5 37. Bd5 Bd6 38. Kd3 Bc5 39. Ke2 Bd6 40. Bc6
Bc5 41. Bd5 1/2-1/2

[Event "PRO League Group Stage"]
[Site "chess.com INT"]
[Date "2018.02.14"]
[Round "6"]
[White "Neiksans, Arturs"]
[Black "Srija, Seshadri"]
[Result "1/2-1/2"]
[WhiteTitle "GM"]
[BlackTitle "WIM"]
[WhiteElo "2582"]
[BlackElo "2203"]
[WhiteTeam "Riga Magicians"]
[BlackTeam "Delhi Dynamite"]
[WhiteFideId "11601388"]
[BlackFideId "5055903"]
[EventDate "2018.01.18"]

1. e4 e5 2. Nf3 Nc6 3. Bc4 Bc5 4. c3 Nf6 5. d3 O-O 6. Nbd2 d5 7. Bb3 Be6 8. O-O
h6 9. h3 Re8 10. Re1 dxe4 11. dxe4 Qd6 12. Qe2 Nh5 13. Nc4 Bxc4 14. Qxc4 Qe7 15.
Ba4 Rad8 16. b4 Bb6 17. Bxc6 bxc6 18. a4 a5 19. bxa5 Bxa5 20. Be3 Qe6 21. Qxe6
Rxe6 22. Red1 Ra8 23. c4 Nf6 24. Nd2 Bc3 25. Ra3 Bxd2 26. Rxd2 Nxe4 27. Rc2 Rd6
28. a5 Ra6 29. Rc1 f5 30. f4 exf4 31. Bxf4 Rd7 32. Rb1 g5 33. Be5 f4 34. Re1 Ng3
35. Kf2 Nf5 36. Re2 Ne3 37. Ra4 Rd1 38. Kf3 Nf5 39. Kg4 Ng3 40. Rb2 Kf7 41. Bxc7
Kg6 42. Kf3 Rd3+ 43. Kf2 Ne4+ 44. Ke1 Kf5 45. Bb6 h5 46. Ra1 g4 47. hxg4+ hxg4
48. Rd1 Rxd1+ 49. Kxd1 f3 50. gxf3 gxf3 51. Rh2 c5 52. Rh8 Kf4 53. Ke1 Ke3 54.
Re8 f2+ 55. Kf1 Kf3 56. Rf8+ Ke3 57. Re8 Kf3 58. Rf8+ Ke3 59. Re8 Kf3 60. Rf8+ 1/2-1/2

[Event "PRO League Group Stage"]
[Site "chess.com INT"]
[Date "2018.02.14"]
[Round "6"]
[White "Shetty, Atulya"]
[Black "Bykhovsky, Anatoly"]
[Result "1/2-1/2"]
[WhiteTitle "IM"]
[BlackTitle "GM"]
[WhiteElo "2389"]
[BlackElo "2496"]
[WhiteTeam "Pittsburgh Pawngrabbers"]
[BlackTeam "Montclair Sopranos"]
[WhiteFideId "2031213"]
[BlackFideId "2806991"]
[EventDate "2018.01.18"]

1. c4 e5 2. g3 Nf6 3. Bg2 Nc6 4. Nc3 g6 5. Nf3 Bg7 6. O-O O-O 7. d3 h6 8. Rb1 a5
9. a3 d6 10. b4 axb4 11. axb4 Be6 12. b5 Ne7 13. Bb2 Qd7 14. d4 e4 15. Nd2 e3
16. fxe3 Ng4 17. Rf3 d5 18. Qf1 f5 19. h3 Nf6 20. c5 g5 21. Ra1 Rab8 22. Nb3 c6
23. Nc1 Ne4 24. Qe1 Ng6 25. Nd3 h5 26. Rf1 h4 27. Nxe4 fxe4 28. Ne5 Nxe5 29.
dxe5 Bxh3 30. Kh2 Bxg2 31. Kxg2 Qg4 32. Rxf8+ Rxf8 33. bxc6 bxc6 34. Ra7 Rf7 35.
Rxf7 Kxf7 36. e6+ Qxe6 37. Bxg7 Kxg7 38. Qc3+ Qf6 39. Qa5 Qe5 40. gxh4 gxh4 41.
Qd8 Qg3+ 42. Kf1 h3 43. Qe7+ Kg8 44. Qe8+ Kg7 45. Qe7+ Kh6 46. Qe6+ Kh5 47. Qf5+
Kh4 48. Qh7+ Kg4 49. Qg6+ Kh4 50. Qh6+ Kg4 51. Qg6+ Kh4 52. Qh6+ Kg4 53. Qg6+
Kh4 54. Qh6+ Kg4 55. Qg6+ 1/2-1/2

[Event "PRO League Group Stage"]
[Site "chess.com INT"]
[Date "2018.02.14"]
[Round "6"]
[White "Shetty, Atulya"]
[Black "Bartell, Thomas"]
[Result "1/2-1/2"]
[WhiteTitle "IM"]
[BlackTitle "IM"]
[WhiteElo "2389"]
[BlackElo "2344"]
[WhiteTeam "Pittsburgh Pawngrabbers"]
[BlackTeam "Montclair Sopranos"]
[WhiteFideId "2031213"]
[BlackFideId "2017849"]
[EventDate "2018.01.18"]

1. c4 c6 2. g3 d5 3. Bg2 Nf6 4. Nf3 Bg4 5. cxd5 Bxf3 6. Bxf3 cxd5 7. O-O Nc6 8.
d3 e6 9. Nc3 Be7 10. Bg2 O-O 11. Bf4 Rc8 12. Rc1 a6 13. a3 b5 14. b4 Qb6 15. Qb3
Rfd8 16. Qb2 h6 17. Rc2 Qb7 18. Na2 Nd7 19. Rfc1 Bf6 20. Qb1 Nd4 21. Rxc8 Rxc8
22. Kf1 Nb6 23. Be3 Na4 24. Bd2 Rxc1+ 25. Nxc1 Qc8 26. e4 dxe4 27. Bxe4 Nc3 28.
Bxc3 Qxc3 29. Ne2 Qxa3 30. Qc1 Qxc1+ 31. Nxc1 Bd8 32. Bb7 a5 33. bxa5 Bxa5 34.
Ba6 b4 35. Bc4 Bb6 36. Nb3 Nf3 37. h3 Kf8 38. Kg2 Ne5 39. Bb5 f5 40. d4 Nf7 41.
Kf3 Ng5+ 42. Kf4 Bc7+ 43. Ke3 Nxh3 44. Bf1 Ng5 45. Kd3 Ke7 46. Bg2 e5 47. dxe5
Ne6 48. f4 g5 49. Nd4 Nxd4 50. Kxd4 gxf4 51. gxf4 Bb6+ 52. Kc4 Be3 53. Kxb4 Bxf4
54. Kc4 Bxe5 55. Kd3 Kf6 56. Ke2 Kg5 57. Kf1 Kg4 58. Kg1 Kg3 59. Kh1 h5 60. Ba8
h4 61. Bb7 h3 62. Ba8 f4 63. Bb7 h2 64. Bc6 f3 65. Bxf3 Kxf3 1/2-1/2

[Event "PRO League Group Stage"]
[Site "chess.com INT"]
[Date "2018.02.14"]
[Round "6"]
[White "Thorfinnsson, Bragi"]
[Black "Gunina, Valentina"]
[Result "1/2-1/2"]
[WhiteTitle "IM"]
[BlackTitle "GM"]
[WhiteElo "2426"]
[BlackElo "2502"]
[WhiteTeam "Reykjavik Puffins"]
[BlackTeam "Cannes Blockbusters"]
[WhiteFideId "2300958"]
[BlackFideId "4167570"]
[EventDate "2018.01.18"]

1. Nf3 Nf6 2. c4 c5 3. g3 b6 4. Bg2 Bb7 5. O-O e6 6. b3 Be7 7. Bb2 d5 8. cxd5
exd5 9. d4 O-O 10. Nc3 Nc6 11. e3 Rc8 12. Ne5 Qd6 13. Nb5 Qb8 14. Ng4 Ne4 15.
dxc5 Rcd8 16. cxb6 axb6 17. Nd4 f5 18. Nxc6 Bxc6 19. Qd4 Rf6 20. Ne5 Bb5 21.
Rfc1 Bc5 22. Qd1 f4 23. gxf4 Nxf2 24. Kxf2 Rxf4+ 25. Kg1 Bxe3+ 26. Kh1 d4 27.
Nc6 Bxc6 28. Rxc6 Rh4 29. h3 Qg3 30. Qf1 h6 31. Bc1 Rf8 32. Qc4+ Kh8 33. Bxe3
Rxh3+ 34. Bxh3 Qxh3+ 35. Kg1 Qxe3+ 36. Kh1 Qh3+ 37. Kg1 d3 38. Qe4 Qg3+ 39. Kh1
Qh3+ 40. Kg1 Qg3+ 41. Kh1 Qh3+ 42. Kg1 Qg3+ 43. Kh1 Qh3+ 44. Kg1 Qg3+ 1/2-1/2

[Event "PRO League Group Stage"]
[Site "chess.com INT"]
[Date "2018.02.14"]
[Round "6"]
[White "Haldorsen, Benjamin"]
[Black "Kukk, Sander"]
[Result "0-1"]
[WhiteTitle "FM"]
[WhiteElo "2405"]
[BlackElo "2178"]
[WhiteTeam "Oslo Trolls"]
[BlackTeam "Estonia Horses"]
[WhiteFideId "1512633"]
[BlackFideId "4502094"]
[EventDate "2018.01.18"]

1. b3 d5 2. Bb2 Bg4 3. h3 Bh5 4. g4 Bg6 5. Bg2 e6 6. Nf3 c5 7. d3 Nc6 8. Nbd2
Nf6 9. e3 Be7 10. O-O O-O 11. Nh4 Nd7 12. Nxg6 hxg6 13. e4 d4 14. f4 e5 15. f5
Bg5 16. Nf3 Be3+ 17. Kh1 g5 18. Bc1 Bf4 19. h4 f6 20. Bxf4 exf4 21. e5 Ndxe5 22.
hxg5 Nxg4 23. Nxd4 Ne3 24. Qh5 Qxd4 25. g6 Rfd8 26. Rae1 Ne7 27. Rf3 N7xf5 28.
Rh3 Nh6 29. Bxb7 Rab8 30. Be4 Re8 31. Qf3 f5 32. Bc6 Re6 33. Bd5 Qxd5 34. Qxd5
Nxd5 35. Rxe6 Kf8 36. Re5 Rd8 37. Rf3 Rd6 38. a3 Ne7 39. Rxc5 Nxg6 40. b4 Re6
41. Kg1 Kf7 42. a4 Kf6 43. b5 Ng4 44. d4 Kg5 45. Rc6 Re1+ 46. Rf1 Re2 47. Rc7
Ne3 48. Rf2 Re1+ 49. Kh2 Ng4+ 50. Kg2 Nh4+ 51. Kh3 Nxf2+ 52. Kh2 Ng4+ 53. Kh3
Rh1# 0-1

[Event "PRO League Group Stage"]
[Site "chess.com INT"]
[Date "2018.02.14"]
[Round "6"]
[White "Wang, Yue"]
[Black "Mamedyarov, Shakhriyar"]
[Result "1/2-1/2"]
[WhiteTitle "GM"]
[BlackTitle "GM"]
[WhiteElo "2690"]
[BlackElo "2804"]
[WhiteTeam "Chengdu Pandas"]
[BlackTeam "San Jose Hackers"]
[WhiteFideId "8601429"]
[BlackFideId "13401319"]
[EventDate "2018.01.18"]

1. d4 Nf6 2. c4 b6 3. Nc3 Bb7 4. Nf3 g6 5. g3 Bg7 6. Bg2 O-O 7. O-O e6 8. Bf4 d6
9. Qc2 Nbd7 10. Rad1 Qe7 11. e4 e5 12. Bc1 Rfe8 13. Nd5 Nxd5 14. cxd5 Rac8 15.
dxe5 dxe5 16. Bg5 f6 17. Be3 c6 18. Qa4 a6 19. dxc6 Rxc6 20. Bh3 Nf8 21. Rc1 b5
22. Qb3+ Qf7 23. Nd2 Qxb3 24. Nxb3 Rxc1 25. Rxc1 Bxe4 26. Nc5 Bd5 27. Nxa6 Bxa2
28. Bf1 Rd8 29. Bxb5 Ne6 30. Nc5 Nd4 31. Bc4+ Bxc4 32. Rxc4 Nf5 33. Bc1 Bf8 34.
Ne4 Kf7 35. Bd2 Rb8 36. Bc3 Rb7 37. Rc6 Be7 38. Kg2 Rd7 39. h4 Nd4 40. Rc4 Ne6
41. b4 Rb7 42. Kf3 Nc7 43. Bd2 Nb5 44. Kg2 Rb8 45. Rc6 Rb7 46. Be3 Nd4 47. Bxd4
exd4 48. Nd6+ Bxd6 49. Rxd6 Rxb4 50. Rd7+ Ke6 51. Rxh7 d3 52. Rh8 Rd4 53. Re8+
Kd7 54. Re1 Kd6 55. Kf3 Kd5 56. Rd1 f5 57. Ke3 f4+ 58. gxf4 Re4+ 59. Kxd3 Rd4+
60. Ke2 Rxd1 61. Kxd1 Ke4 62. Ke2 Kxf4 63. Kf1 Kg4 64. h5 gxh5 65. Kg2 h4 66.
Kh2 Kf3 67. Kh3 Kxf2 68. Kxh4 1/2-1/2

[Event "PRO League Group Stage"]
[Site "chess.com INT"]
[Date "2018.02.14"]
[Round "6"]
[White "Wang, Yue"]
[Black "Izoria, Zviad"]
[Result "1/2-1/2"]
[WhiteTitle "GM"]
[BlackTitle "GM"]
[WhiteElo "2690"]
[BlackElo "2599"]
[WhiteTeam "Chengdu Pandas"]
[BlackTeam "San Jose Hackers"]
[WhiteFideId "8601429"]
[BlackFideId "13601733"]
[EventDate "2018.01.18"]

1. d4 Nf6 2. c4 g6 3. Nc3 Bg7 4. e4 d6 5. h3 O-O 6. Nf3 c5 7. d5 Nh5 8. Be2 e5
9. g3 f5 10. exf5 gxf5 11. Ng5 Nf6 12. g4 e4 13. Be3 Qe7 14. Qd2 Na6 15. O-O-O
Nc7 16. Rdg1 Kh8 17. gxf5 Bxf5 18. h4 b5 19. cxb5 a6 20. bxa6 Nxa6 21. h5 Nd7
22. Ne6 Bf6 23. Nxf8 Qxf8 24. a3 Nb4 25. axb4 cxb4 26. Nb1 Nc5 27. Bxc5 dxc5 28.
Rg3 Ra1 29. Qf4 e3 30. Qxf5 Bxb2+ 31. Kxb2 Qxf5 32. Kxa1 Qf6+ 33. Ka2 Qxf2 34.
Rhg1 Qxe2+ 35. Ka1 Qa6+ 36. Kb2 Qe2+ 37. Kc1 Qc4+ 38. Kd1 Qd3+ 39. Kc1 Qc4+ 40.
Kb2 Qe2+ 41. Ka1 Qa6+ 42. Kb2 Qe2+ 1/2-1/2

[Event "PRO League Group Stage"]
[Site "chess.com INT"]
[Date "2018.02.14"]
[Round "6"]
[White "Naroditsky, Daniel"]
[Black "Wang, Yue"]
[Result "1/2-1/2"]
[WhiteTitle "GM"]
[BlackTitle "GM"]
[WhiteElo "2619"]
[BlackElo "2690"]
[WhiteTeam "San Jose Hackers"]
[BlackTeam "Chengdu Pandas"]
[WhiteFideId "2026961"]
[BlackFideId "8601429"]
[EventDate "2018.01.18"]

1. d4 Nf6 2. Bf4 d5 3. e3 c5 4. Nc3 cxd4 5. exd4 a6 6. Nf3 Bg4 7. h3 Bxf3 8.
Qxf3 Nc6 9. O-O-O e6 10. g4 Bd6 11. Bxd6 Qxd6 12. g5 Nd7 13. h4 Rf8 14. Bh3
O-O-O 15. Qg3 Qc7 16. Ne2 g6 17. Kb1 b5 18. Nf4 Kb7 19. Bxe6 fxe6 20. Nxe6 Qxg3
21. Nxd8+ Nxd8 22. fxg3 Rf3 1/2-1/2

[Event "PRO League Group Stage"]
[Site "chess.com INT"]
[Date "2018.02.14"]
[Round "6"]
[White "Naroditsky, Daniel"]
[Black "Xiao, Junyuan"]
[Result "1-0"]
[WhiteTitle "GM"]
[WhiteElo "2619"]
[BlackElo "2077"]
[WhiteTeam "San Jose Hackers"]
[BlackTeam "Chengdu Pandas"]
[WhiteFideId "2026961"]
[BlackFideId "8609160"]
[EventDate "2018.01.18"]

1. d4 Nf6 2. Nc3 d5 3. Bf4 e6 4. Nb5 Bb4+ 5. c3 Ba5 6. a4 a6 7. b4 Nc6 8. bxa5
axb5 9. axb5 Nxa5 10. e3 Bd7 11. Bd3 Nc4 12. Rb1 O-O 13. Nf3 Ne4 14. Rb3 Bxb5
15. Bxe4 dxe4 16. Rxb5 exf3 17. gxf3 Qd7 18. Rxb7 Qd5 19. Rb4 e5 20. e4 Qc6 21.
d5 Qa6 22. Bc1 Nd6 23. Qe2 f5 24. Qxa6 Rxa6 25. O-O c5 26. dxc6 Rxc6 27. Rd1 Rf6
28. Ba3 Kf7 29. exf5 Nxf5 30. Rd7+ Kg6 31. Rg4+ Kh5 32. Rd3 g5 33. Re4 Nh4 34.
Ree3 Rf7 35. Kf1 Rcf6 36. Ke2 Ng6 37. Rd6 Rxd6 38. Bxd6 Rf5 39. c4 g4 40. fxg4+
Kxg4 41. Rg3+ Kf4 42. c5 Ke4 43. c6 Nf4+ 44. Kf1 Nd3 45. Rxd3 Kxd3 46. c7 1-0

[Event "PRO League Group Stage"]
[Site "chess.com INT"]
[Date "2018.02.14"]
[Round "6"]
[White "Klein, David"]
[Black "Skuhala, Luka"]
[Result "1-0"]
[WhiteTitle "GM"]
[WhiteElo "2501"]
[BlackElo "2059"]
[WhiteTeam "Amsterdam Mosquitoes"]
[BlackTeam "Ljubljana Turtles"]
[WhiteFideId "1003623"]
[BlackFideId "14605678"]
[EventDate "2018.01.18"]

1. e4 c5 2. Nf3 d6 3. c3 Nf6 4. Be2 Bd7 5. d3 Bc6 6. O-O g6 7. e5 dxe5 8. Nxe5
Bd5 9. c4 Bc6 10. Be3 e6 11. Nc3 Bd6 12. d4 Qc7 13. Nxc6 bxc6 14. g3 Nbd7 15. d5
exd5 16. cxd5 cxd5 17. Nxd5 Nxd5 18. Qxd5 Nb6 19. Bb5+ Kf8 20. Bh6+ Kg8 21. Qf3
Bf8 22. Bf4 Bd6 23. Bg5 Be7 24. Bxe7 Qxe7 25. Rfe1 Qc7 26. Qf6 Rf8 27. Rad1 h5
28. Re7 Qc8 29. Bd7 Nxd7 30. Rdxd7 Rh7 31. h4 Rg7 32. b3 a5 33. Qd6 g5 34. hxg5
Rxg5 35. Qh6 Rg7 36. Qxh5 Rd8 37. Qe5 Rf8 38. Rc7 Qa8 39. Qe4 Qa6 40. Re8 Rxe8
41. Qxe8+ Kh7 42. Qe4+ Kh8 43. Rxc5 Rg6 44. Qd4+ Kg8 45. Rd5 Rf6 46. Rg5+ Rg6
47. Qd8+ Kg7 48. Qxa5 Qd3 49. Qe5+ Kg8 50. Rxg6+ fxg6 51. Qb8+ Kh7 52. Qb7+ Kh8
53. Kg2 Qc2 54. a4 Qd1 55. a5 g5 56. a6 g4 57. a7 1-0

[Event "PRO League Group Stage"]
[Site "chess.com INT"]
[Date "2018.02.14"]
[Round "6"]
[White "Holt, Conrad"]
[Black "Kuybokarov, Temur"]
[Result "1/2-1/2"]
[WhiteTitle "GM"]
[BlackTitle "IM"]
[WhiteElo "2578"]
[BlackElo "2472"]
[WhiteTeam "Dallas Destiny"]
[BlackTeam "Australia Kangaroos"]
[WhiteFideId "2034387"]
[BlackFideId "14203049"]
[EventDate "2018.01.18"]

1. d4 Nf6 2. c4 e6 3. Nc3 Bb4 4. Qc2 O-O 5. e4 d5 6. e5 Ne4 7. Bd3 c5 8. Nf3
cxd4 9. Nxd4 Nd7 10. Bf4 Qh4 11. g3 Qh5 12. O-O g5 13. cxd5 Bxc3 14. bxc3 exd5
15. Be3 Nxe5 16. f3 Nxd3 17. Qxd3 Nd6 18. g4 Qg6 19. Qxg6+ hxg6 20. Bxg5 Re8 21.
Bf4 Rd8 22. Rfe1 Ne8 23. Bg5 f6 24. Bh6 Kf7 25. Re2 Nc7 26. Rb1 b6 27. a4 g5 28.
Rbe1 Kg6 29. Re7 Na6 30. Rg7+ Kxh6 31. Ree7 Rh8 32. Rgf7 Kg6 33. Rg7+ Kh6 34.
Rgf7 Kg6 35. Rg7+ Kh6 36. Rgf7 Kg6 37. Rg7+ 1/2-1/2

[Event "PRO League Group Stage"]
[Site "chess.com INT"]
[Date "2018.02.14"]
[Round "6"]
[White "Hansen, Eric"]
[Black "Chen, Forest"]
[Result "1-0"]
[WhiteTitle "GM"]
[WhiteElo "2629"]
[BlackElo "2107"]
[WhiteTeam "Montreal Chessbrahs"]
[BlackTeam "Saint Louis Arch Bishops"]
[WhiteFideId "2606771"]
[BlackFideId "30908205"]
[EventDate "2018.01.18"]

1. c4 c6 2. g3 d5 3. Bg2 Nf6 4. Nf3 Bg4 5. cxd5 cxd5 6. Ne5 Bf5 7. Nc3 e6 8. g4
Bg6 9. h4 Bd6 10. d4 h6 11. Nxg6 fxg6 12. Qd3 Kf7 13. g5 hxg5 14. hxg5 Rxh1+ 15.
Bxh1 Ng8 16. e4 Ne7 17. exd5 exd5 18. Nxd5 Nbc6 19. Nxe7 Qxe7+ 20. Kf1 Re8 21.
Bd5+ Kf8 22. Qf3+ 1-0

[Event "PRO League Group Stage"]
[Site "chess.com INT"]
[Date "2018.02.14"]
[Round "6"]
[White "Romanov, Evgeny"]
[Black "Manukian, Artak"]
[Result "1/2-1/2"]
[WhiteTitle "GM"]
[WhiteElo "2617"]
[BlackElo "2196"]
[WhiteTeam "Norway Gnomes"]
[BlackTeam "Armenia Eagles"]
[WhiteFideId "4148843"]
[BlackFideId "13301373"]
[EventDate "2018.01.18"]

1. Nf3 d5 2. b3 Nf6 3. Bb2 Bg4 4. e3 Nbd7 5. h3 Bh5 6. g4 Bg6 7. Nh4 e6 8. d3
Bd6 9. Nd2 a5 10. a3 Qe7 11. Bg2 c6 12. Qe2 e5 13. c4 Nc5 14. Nxg6 hxg6 15. g5
Nfd7 16. cxd5 Qxg5 17. Kf1 cxd5 18. Bxd5 Qf5 19. Ne4 Be7 20. Kg2 Nf6 21. Nxf6+
gxf6 22. Rad1 Rd8 23. Bc4 Rh4 24. Qf3 Qg5+ 25. Qg3 Qh6 26. b4 axb4 27. axb4 Ne6
28. d4 exd4 29. Bxe6 fxe6 30. Rxd4 Rhxd4 31. Bxd4 1/2-1/2

[Event "PRO League Group Stage"]
[Site "chess.com INT"]
[Date "2018.02.14"]
[Round "6"]
[White "Morris, James"]
[Black "Safin, Artur"]
[Result "1/2-1/2"]
[WhiteTitle "IM"]
[WhiteElo "2477"]
[BlackElo "2229"]
[WhiteTeam "Australia Kangaroos"]
[BlackTeam "Dallas Destiny"]
[WhiteFideId "3205800"]
[BlackFideId "2041367"]
[EventDate "2018.01.18"]

1. e4 e6 2. Qe2 c5 3. Nf3 Nc6 4. g3 g6 5. Bg2 Bg7 6. h4 h5 7. c3 Nge7 8. d3 d6
9. Nbd2 Rb8 10. a4 a6 11. Nb3 b5 12. axb5 axb5 13. d4 b4 14. Qc2 bxc3 15. bxc3
cxd4 16. Nbxd4 O-O 17. O-O Qc7 18. Qd3 Nxd4 19. cxd4 Bd7 20. Re1 Bb5 21. Qa3 Nc6
22. Be3 Qd7 23. Rad1 d5 24. exd5 exd5 25. Bf4 Rbc8 26. Ne5 Nxe5 27. Bxe5 Bh6 28.
Qf3 Bc4 29. Rb1 Kh7 30. Kh2 Rc6 31. Rb2 Bg7 32. Bxg7 Kxg7 33. Reb1 Qd6 34. Rb7
Qf6 35. Rd7 Qxf3 36. Bxf3 Rf6 37. Kg2 Ra8 38. Bxd5 Bxd5+ 39. Rxd5 Ra2 40. Rf1
Rd2 41. Rd8 Rf5 42. Rd6 Kf8 43. Rd8+ Ke7 44. Ra8 Rxd4 45. Ra7+ Kf6 46. Ra6+ Kg7 1/2-1/2

[Event "PRO League Group Stage"]
[Site "chess.com INT"]
[Date "2018.02.14"]
[Round "6"]
[White "Arribas Lopez, Angel"]
[Black "Morris, James"]
[Result "1/2-1/2"]
[WhiteTitle "GM"]
[BlackTitle "IM"]
[WhiteElo "2483"]
[BlackElo "2477"]
[WhiteTeam "Dallas Destiny"]
[BlackTeam "Australia Kangaroos"]
[WhiteFideId "2283352"]
[BlackFideId "3205800"]
[EventDate "2018.01.18"]

1. e4 e5 2. Nf3 Nc6 3. d4 exd4 4. Nxd4 Nf6 5. Nxc6 bxc6 6. e5 Qe7 7. Qe2 Nd5 8.
c4 Ba6 9. Nd2 g6 10. Nf3 Qb4+ 11. Kd1 Ne7 12. Qc2 c5 13. Qb3 Qb6 14. Qxb6 axb6
15. Kc2 Bg7 16. Bd3 Nc6 17. a3 O-O-O 18. Bf4 Rde8 19. Rae1 Bb7 20. Be4 f6 21.
exf6 Bxf6 22. Bd5 Nd4+ 23. Nxd4 Bxd5 24. cxd5 Bxd4 25. f3 Bf2 26. Rxe8+ Rxe8 27.
Kd3 d6 28. a4 Kd7 29. h4 Re1 30. Rh3 h5 31. g4 c6 32. Bd2 Rg1 33. dxc6+ Kxc6 34.
g5 d5 35. f4 Kd6 36. Ke2 Bd4 37. b3 Ke6 38. Be3 Rg2+ 39. Kf1 Rg4 40. Bxd4 cxd4
41. Ke2 Rxf4 42. Kd3 Ke5 43. b4 Rf2 44. Rh1 Rb2 45. Re1+ Kf5 46. Kxd4 Rxb4+ 47.
Kxd5 Rxa4 48. Re5+ Kg4 49. Re6 Kxh4 50. Rxg6 Ra5+ 51. Ke4 b5 52. Kf4 Ra4+ 53.
Kf5 Rg4 54. Rg8 b4 55. g6 Kh3 56. Kf6 h4 57. g7 Kg2 58. Rb8 h3 59. Rxb4 Rxg7 60.
Rb2+ Kg1 61. Kxg7 h2 62. Rb1+ Kg2 63. Rb2+ Kg1 64. Rb1+ Kg2 65. Rb2+ Kg1 1/2-1/2